Diálogo sobre los dos máximos sistemas del mundo ptolemaico y copernicano / (Registro nro. 10504)

Detalles MARC
000 -LEADER
campo de control de longitud fija 00753nam a2200241 i 4500
001 - NÚMERO DE CONTROL
campo de control 10504
003 - IDENTIFICADOR DE NÚMERO DE CONTROL
campo de control ES-MaACL
005 - FECHA Y HORA DE LA ÚLTIMA TRANSACCIÓN
campo de control 20250814063208.0
007 - CAMPO FIJO DE DESCRIPCIÓN FÍSICA--INFORMACIÓN GENERAL
campo de control de longitud fija t|
008 - DATOS DE LONGITUD FIJA--INFORMACIÓN GENERAL
campo de control de longitud fija 950728s1995 sp ||||1| spa d
020 ## - NÚMERO INTERNACIONAL ESTÁNDAR DEL LIBRO
Número Internacional Estándar del Libro 84-206-9412-6
080 ## - NÚMERO DE LA CLASIFICACIÓN DECIMAL UNIVERSAL
Número de la Clasificación Decimal Universal 52
080 ## - NÚMERO DE LA CLASIFICACIÓN DECIMAL UNIVERSAL
Número de la Clasificación Decimal Universal 523.18
100 1# - ENTRADA PRINCIPAL--NOMBRE DE PERSONA
Nombre de persona Galilei, Galileo,
Fechas asociadas al nombre 1564-1642
9 (RLIN) 53419
245 10 - MENCIÓN DEL TÍTULO
Título Diálogo sobre los dos máximos sistemas del mundo ptolemaico y copernicano /
Mención de responsabilidad, etc. Galileo Galilei ; edición de Antonio Beltrán Marí.
260 ## - PUBLICACIÓN, DISTRIBUCIÓN, ETC.
Lugar de publicación, distribución, etc. Madrid :
Nombre del editor, distribuidor, etc. Alianza,
Fecha de publicación, distribución, etc. 1995.
300 ## - DESCRIPCIÓN FÍSICA
Extensión LXXXIII, 417 p. ;
Dimensiones 26 cm.
500 ## - NOTA GENERAL
Nota general Indices.
650 #7 - PUNTO DE ACCESO ADICIONAL DE MATERIA--TÉRMINO DE MATERIA
Término de materia o nombre geográfico como elemento de entrada Astronomía
Fuente del encabezamiento o término embne
9 (RLIN) 10386
700 1# - ENTRADA AGREGADA--NOMBRE PERSONAL
Nombre de persona Beltrán Marí, Antonio.
9 (RLIN) 27371
852 ## - LOCALIZACIÓN
Ubicación ES-MaACL
Número de control de estantería L-17846
Sublocalización o colección R.123878
Existencias
Estatus retirado Estado de pérdida Estado de daño No para préstamo Biblioteca de origen Biblioteca actual Ubicación en estantería Fecha de adquisición Fuente de adquisición Total de préstamos Signatura topográfica completa Código de barras Visto por última vez Precio de reemplazo Tipo de ítem Koha
        Biblioteca del Ateneo de Madrid Biblioteca del Ateneo de Madrid Depósito 2 17/01/2008     L-17846 1010714 23/02/2023 23/02/2023 Libro impreso